000 00450nam a2200193Ia 4500
005 20240823050642.0
008 240823s9999||||xx |||||||||||||| ||und||
020 _a978-81-7625-841-8
041 _aENGLISH
082 _A891.4 Q2
100 _aShantha Naik N
245 0 _aDalit Literature our Response
250 _a1st
260 _c2012
_bSarup Book Publi
500 _aYES
650 _aGeneral
_bGeneral
942 _cBK
999 _c217746
_d217746